| 000 | 00506nam a2200181Ia 4500 | ||
|---|---|---|---|
| 003 | GCL | ||
| 008 | 140319s9999 xx 000 0 eng d | ||
| 020 | _a1 903975 28 X | ||
| 040 |
_aGCL / _cGCL |
||
| 082 | 0 | 4 |
_a749.7 _bC E |
| 100 | 1 | _aCUNNING, ROBERT | |
| 245 | 1 | 0 |
_aTHE ENCYCLOPEDIA OF PICTURE FRAMING TECHNIQUES / _cCUNNING, ROBERT |
| 260 |
_aنيويورك : _bA QUARTO BOOK ، _c1993 |
||
| 300 |
_a24 CM ؛ _c176 P |
||
| 650 | 0 | 4 | _aPICTURES |
| 650 | 0 | 4 | _aPICTURE FRAMES AND FRAMING |
| 942 |
_2ddc _cBK |
||
| 999 |
_c6613 _d6613 |
||